000 00201 a2200097 4500
001 35134
100 _aS U F
245 _aSeyasi Batin
260 _aLahore
_bMaqbool Academy
_c
090 _c23278
_d23278
942 _aNUST-CAE
_cM
_c14756
999 _c270207
_d270207